000 00347nam a22001457a 4500
003 OSt
005 20211222110149.0
008 211222b |||||||| |||| 00| 0 eng d
020 _a9788131761557
040 _cHU
082 _a004.22/GHO2011
100 _aGhoshal
_924250
245 _aComputer Architecture & Organization
942 _2ddc
_cBOOKS
_n0
999 _c23416
_d23416